El fantasma federal en Chile: la potencia de la reforma regional

Enregistré dans:
Détails bibliographiques
Auteurs principaux: Valenzuela van Treek, Esteban (Auteur), Martelli Robba, Giorgio (Auteur), Abalos König, José (Auteur), Benavente Millán, Diego (Auteur), Vega Duarte, Francisco (Auteur)
Format: Livre
Langue:espagnol
Publié: Santiago FES 2003
Santiago UNIR 2003
Sujets:
Tags: Ajouter un tag
Pas de tags, Soyez le premier à ajouter un tag!

MARC

LEADER 00000nam a2200000 a 4500
001 UCL2924
003 CL-VaPUC
008 031107e20030000cl |||||||||||||||||spa|d
020 |a 9567630100 
082 0 4 |a 342.83042  |b VAL  |2 21 
100 0 |a Valenzuela van Treek, Esteban  |e author  |9 480124 
700 0 |a Martelli Robba, Giorgio  |e author  |9 480125 
700 0 |a Abalos König, José  |e author  |9 480126 
700 0 |a Benavente Millán, Diego  |e author  |9 480127 
700 0 |a Vega Duarte, Francisco  |e author  |9 480128 
245 1 3 |a El fantasma federal en Chile: la potencia de la reforma regional 
300 |a 106 p 
942 |c BK 
945 |d 20031107 00:00:00  |a cmena 
260 |a Santiago  |b FES  |c 2003 
260 |a Santiago  |b UNIR  |c 2003 
650 0 |a Regionalización   |9 255465 
650 0 |a Derecho constitucional   |9 222588 
650 0 |a Estado y derecho  |9 255403 
650 0 |a Federalismo  |9 313886 
651 7 |a CHILE  |2 CL-VaPUC  |9 480129 
583 |a last modification  |c 20171010 05:29:28  |k Rodrigo Vera 
999 |c 306090  |d 306088 
952 |0 0  |1 0  |2 ddc  |4 0  |6 342_830420000000000_VAL_2003_2003  |7 0  |8 A  |9 370806  |a BIBCUR  |b BIBCUR  |c GEN  |d 2019-11-21  |i 3922715  |o 342.83042 VAL 2003 2003  |p 3922715  |r 2025-04-22  |w 2019-11-21  |y BK  |k PER 
952 |0 0  |1 0  |2 ddc  |4 0  |6 342_830420000000000_VAL_2003  |7 0  |8 A  |9 370807  |a BIBCUR  |b BIBCUR  |d 2019-11-21  |i 3985415  |o 342.83042 VAL 2003  |p 3985415  |r 2025-04-22  |w 2019-11-21  |y BK  |k PER 
952 |0 0  |1 0  |2 ddc  |4 0  |6 342_830420000000000_VAL_2003  |7 0  |8 A  |9 370808  |a BIBCUR  |b BIBCUR  |c GEN  |d 2019-11-21  |i 3985423  |o 342.83042 VAL 2003  |p 3985423  |r 2025-04-22  |w 2019-11-21  |y BK  |k PER